| 000 | 00841cam a2200241 a 4500 | ||
|---|---|---|---|
| 001 | 12290348 | ||
| 005 | 20180208081201.0 | ||
| 008 | 010126s2002 maua b 001 0 eng | ||
| 010 | _a 2001030074 | ||
| 020 | _a0072394668 (alk. paper) | ||
| 020 | _a0072480165 (CDROM) | ||
| 040 |
_aDLC _cDLC _dDLC |
||
| 041 | _aeng | ||
| 080 | _a658.1511 HIL | ||
| 082 | 0 | 0 |
_a658.1511 HIL _221 |
| 100 | 1 | _a62 | |
| 101 | _aKM | ||
| 245 | 1 | 0 |
_aManagerial accounting : _cRonald W. Hilton. |
| 504 | _aIncludes bibliographical references (p. 846-849) and indexes. | ||
| 906 |
_a7 _bcbc _corignew _d1 _eocip _f20 _gy-gencatlg |
||
| 942 |
_2ddc _cBK |
||
| 999 |
_c42159 _d42159 |
||